Využitie princípu maxima na riešenie viacmodelového LQ problému

Salvato in:
Dettagli Bibliografici
Autore principale: Kližan, Juraj (Autore)
Altri autori: Kozáková, Alena (Relatore della tesi)
Natura: Manoscritto Libro
Lingua:slovacco
Pubblicazione: Bratislava : STU v Bratislave FEI, 2006
Soggetti:
Tags: Aggiungi Tag
Nessun Tag, puoi essere il primo ad aggiungerne!!

MARC

LEADER 00000ntm a22000003a 4500
001 stu120815
005 20160719165014.9
008 060615s2006------------------------slo-d
040 |a STU  |b slo 
041 0 |a slo 
100 1 |a Kližan, Juraj  |4 aut 
245 1 |a Využitie princípu maxima na riešenie viacmodelového LQ problému 
260 |a Bratislava :  |b STU v Bratislave FEI,  |c 2006 
300 |a 54 s 
650 7 |a automatizácia  |2 stusub 
700 1 |a Kozáková, Alena  |4 ths  |u E010  |T FEI Ústav riadenia a priemyselnej informatiky  |X 4939  |U E010  |Y E010  |7 A000004939